| 000 | 00453nam a22001457a 4500 | ||
|---|---|---|---|
| 005 | 20211116140302.0 | ||
| 008 | 211116b ||||| |||| 00| 0 eng d | ||
| 040 | _cAIMIT LIBRARY | ||
| 082 | _a658 GIAP | ||
| 100 |
_aGiannetti, Preeti Vyas;Stevens, Eric. _ePreeti,Giannetti,Vyas;Eric,Stevens _910473 |
||
| 245 |
_aDesign as a strategic differentiator. _hEnglish |
||
| 260 |
_aNew Delhi _bExcel Multimedia |
||
| 600 | _2AIMA | ||
| 942 |
_2ddc _cCD _k658 GIAP |
||
| 999 |
_c220620 _d220620 |
||